Wrestlers by Picture 16: Pre-NWA Pioneers - Statistics

General Stats
  • This quiz has been taken 14 times
  • The average score is 6 of 16
Answer Stats
Picture Answer % Correct
"Gorgeous" George Wagner
77%
Jim Londos
54%
Frank Gotch
46%
George Hackenschmidt
46%
"Sailor" Art Thomas
46%
Toots Mondt
46%
Ed "The Strangler" Lewis
38%
"Whipper" Billy Watson
38%
"Farmer" Martin Burns
31%
Billy Sandow
23%
Charles Cutler
23%
Danno O'Mahoney
23%
Earl Caddock
23%
Joe Stecher
23%
Ray Steele
23%
The Great Gama
23%
No matching quizzes found
Score Distribution
Percent of People with Each Score
Percentile by Number Answered
Your Score History
You have not taken this quiz